000 00527nam a2200193Ia 4500
005 20260120131054.0
008 008 260114s9999 xx 000 0 eng d
020 _a9780191779510
037 _aEBOOK
040 _aCRL
_beng
_cCRL
041 _aeng
_2eng
084 _qCRL
100 _aPower, Gibson
_9922596
245 0 _aSuetonius the Biographer
260 _bOxford University PressOxford University Press
_c2014
856 _uhttps://academic.oup.com/book/5077
942 _cEBOOK
999 _c1514507
_d1514507